| 000 | 00554nac a22001571u 4500 | ||
|---|---|---|---|
| 008 | 080914s1999 xxu||||| |||| 00| 0 ara d | ||
| 020 | _a9770905488 | ||
| 082 |
_a320.962 _bف ق ى |
||
| 245 |
_aحوار الأجيال : _bرحلة قلم في ثلاثة عهود / _cمصطفي الفقى |
||
| 250 | _aط 2. | ||
| 260 |
_aالقاهرة : _bدار الشروق ،1999 _c1999. |
||
| 300 |
_a268 ص ؛ _c25 سم. |
||
| 650 |
_aالديمقراطية _920880 |
||
| 650 |
_aمصر _915947 _xالسياسة والحكومة |
||
| 942 |
_cBB _k320.962 ف ق ى _2ddc |
||
| 999 |
_c3757 _d3757 |
||